|
|
|
|
| LEADER |
00836nab#a2200313#ar4500 |
| 001 |
000007635 |
| 003 |
SVKKK |
| 005 |
20030717094456.0 |
| 008 |
030717c1999 e sloo |
| FMT |
|
|
|
| 038 |
|
|
|a SVKKK
|
| 040 |
|
|
|a SVKKK
|b slo
|e AACR2
|
| 041 |
0 |
|
|a slo
|
| 080 |
|
|
|a 75/7
|2 1981
|
| 080 |
|
|
|a 929
|2 1981
|
| 100 |
0 |
|
|a pan
|4 aut
|
| 245 |
1 |
0 |
|a Vízie harmonického sveta :
|b vo Východoslovenskej galérii grafiky Eugena Króna
|c pan ,
|
| 260 |
|
|
|c 1999
|
| 650 |
0 |
4 |
|a grafika
|z Krón, Eugen (maliar, grafik)
|z Východoslovenská galéria, Košice
|
| 650 |
0 |
4 |
|a informácie
|
| 650 |
0 |
4 |
|a maliarstvo
|
| 650 |
0 |
4 |
|a výstavy autorské
|z Košice
|
| 773 |
0 |
|
|t Košický večer
|g Roč. 10, č. 56(1999), dát. 0323, s. 5
|
| 957 |
|
|
|a Košice
|
| 974 |
|
|
|a Cr
|
| 992 |
|
|
|a RBX
|
| BAS |
|
|
|
| 852 |
|
|
|a SVKKK
|b BIB
|
| 998 |
|
|
|a REG
|